• 首页
  • 本馆介绍
  • 公告通知
  • 最新文献
  • 馆藏检索
  • 电子资源
  • 读者导购
  • 参考咨询
  • 我的图书馆
  • 登录
  • 详细信息显示
  • 放入我的书架
  • 预约/预借图书
  • 作者相关作品
  • 分类相关作品
  • 丛书相关作品
  • 出版社相关作品

书目信息

  • 表格格式
  • 工作单格式
  • 卡片格式
题名:
普通教育学
    
 
作者: ;北京教育行政学院教育学教研室 编
分册:  
出版信息: 北京   知识出版社  1983
页数: 314页
开本: 19cm
丛书名:
单 册:
中图分类: G630 , G40
科图分类:
主题词: 普通教育--教育学
电子资源:
ISBN:
000 00741nam0 2200253 45
001 0183009365
005 20040428144937.1
010    @dCNY0.85
091    @a7214.28
100    @a19950630d1983 em y0chiy0121 ea
101 0  @achi
102    @aCN@b110000
105    @ay z 000yy
106    @ar
200 10 @a普通教育学@Apu tong jiao yu xue@f北京教育行政学院教育学教研室编
210    @a北京@c知识出版社@d1983
215    @a314页@d19cm
606    @a普通教育@x教育学
690    @aG630@v3
690    @aG40
711 02 @a北京教育行政学院教育学教研室@Abei jing jiao yu xing zheng xue yuan jiao yu xue jiao yan shi@4编
801  0 @aCN@b上海图书馆@c20040428
801  2 @aCN@bNLC@c20040428
905    @f1@b122763@f1@b122761@f1@b79632@dG40@e34
    
    普通教育学/北京教育行政学院教育学教研室编.-北京:知识出版社,1983
    314页;19cm
    
    
    ISBN :CNY0.85
    
●
相关链接 在E读中查询图书 在五车中查询图书 在当当中查询图书 在豆瓣中查询图书


正题名:普通教育学     索取号:G40/34         预约/预借

序号 登录号 条形码 馆藏地/架位号 状态 备注
1 0079628   001857574   密集书库/ [索取号:G40/34] 在馆    
2 0079629   001857565   密集书库/ [索取号:G40/34] 在馆    
3 0079630   001662757   密集书库/ [索取号:G40/34] 在馆    
4 0079631   001857556   密集书库/ [索取号:G40/34] 在馆    
5 0079632   000287433   第一样本阅览室/ [索取号:G40/34] 在馆    
6 0079634   000287442   密集书库/ [索取号:G40/34] 在馆    
7 0079635   000311059   密集书库/ [索取号:G40/34] 在馆    
8 0079637   001656096   密集书库/ [索取号:G40/34] 在馆    
9 0093700   001526012   密集书库/ [索取号:G40/34] 在馆    
10 0093701   000311102   密集书库/ [索取号:G40/34] 在馆    
11 0093702   000312003   密集书库/ [索取号:G40/34] 在馆    
12 0093703   000311996   密集书库/ [索取号:G40/34] 在馆    
13 0093704   000311941   密集书库/ [索取号:G40/34] 在馆    
14 0122759   001734216   密集书库/ [索取号:G40/34] 在馆    
15 0122760   000287380   密集书库/ [索取号:G40/34] 在馆    
16 0122761   000287415   密集书库/ [索取号:G40/34] 在馆    
17 0122762   000311111   密集书库/ [索取号:G40/34] 在馆    
18 0122763   000287424   第四借阅区/ [索取号:G40/34] 在馆    
19 0122764   000287371   密集书库/ [索取号:G40/34] 在馆    
20 0122765   000311950   密集书库/ [索取号:G40/34] 在馆    
21 0122767   000311157   密集书库/ [索取号:G40/34] 在馆    
22 0122768   000311932   密集书库/ [索取号:G40/34] 在馆    
唐山师范学院图书馆 欢迎您!
大连网信软件有限公司© 版权所有